| 000 | 00581nam a2200193Ia 4500 | ||
|---|---|---|---|
| 008 | 151119s9999||||xx |||||||||||||| ||und|| | ||
| 082 | _a791.4 | ||
| 082 | _bGKKV7573 | ||
| 100 | _aजागीरदार गजानन | ||
| 245 | _aअभिनय कसा करावा | ||
| 260 | _a-- | ||
| 260 | _b-- | ||
| 260 | _c0 | ||
| 600 | _aजागीरदार गजानन | ||
| 630 | _aअभिनय कसा करावा | ||
| 700 | _aजागीरदार गजानन | ||
| 730 | _aअभिनय कसा करावा | ||
| 942 | _cBOOK | ||
| 999 |
_c1062217 _d1062214 |
||